00705nam a2200241 a 4500001001300000003000900013005001700022008004100039020002300080082001500103100001700118245002700135260003800162300000900200500003500209505001000244650003200254700001700286902000800303942000700311952012800318999001700446nice12345678IN_TiNIC20260116014039.0050524s2003 oxfa grp 000 0 eng  a0631623 c39500a294.5bSMI aSmith, David aHinduism and Modernity aOxfordbBlackwell Pub. Ltd c2003 a250p aincludes index and biblioraphy2 aIndex aHinduism and Culture-Modern1 aSmith, David bSRS cBK 001040708StackRoom-aHMIbHMId2008-07-25g395.00l3o294.5 SMIp020657r2019-09-25s2019-09-20v395.00w2005-05-24yBK c13655d13655